000 00643nam a2200181Ia 4500
008 090124s9999 xx 000 0 und d
082 _b10743
100 _aअमीन सय्यद
245 _a महापुरुष छत्रपति शिवाजी
250 _a1
260 _bसिकंदर सय्यद अमीन
_c1974
300 _a200
600 _aअमीन सय्यद
630 _a महापुरुष छत्रपति शिवाजी
700 _aअमीन सय्यद
730 _a महापुरुष छत्रपति शिवाजी
942 _cBOOK
999 _c86311
_d86311